Revista de Derecho Laboral vLex

Bibliographic Details
Format: eBook
Language:Spanish
Published: Barcelona: Editorial vLex, 2020 -
Subjects:
Online Access:Acceso restringido

MARC

LEADER 00000nam a22000007a 4500
005 20201228235545.0
007 cr|||| |||
008 201229c20209999es qr|w s|||| 0|||b1spa d
035 |a 32800 
040 |a vLex 
090 |c 11018  |d 11018 
245 0 0 |a Revista de Derecho Laboral vLex  |h [Recurso electrn̤ico] / 
256 |a Servicio en ln̕ea 
260 |a Barcelona:  |b Editorial vLex,  |c 2020 - 
300 |a 1 recurso electrn̤ico 
310 |a Trimestral 
362 |a Nð 1 (Dic. 2020) - 
506 1 |a Disponible solo en los productos indicados  |d vLex Global  |d vLex Global (Academic Edition, excluding Law Schools)  |d vLex Global (U.S. Academic Edition, Law Schools)  |d vLex Global (U.S. Academic Edition, excluding Law Schools)  |d vLex Global (Academic Edition, Law Schools) 
650 0 4 |a Derecho Laboral y Seguridad Social  |z Espaą 
740 0 |a vLex Revistas (Servicio en ln̕ea) 
856 4 0 |u http://vlex.com/source/revista-de-derecho-laboral-vlex-32800  |z Acceso restringido 
942 |c REV 
999 0 |a Labor law and social security